Software Productivity

Uložené v:
Podrobná bibliografia
Hlavný autor: Mills, Harlan D.
Médium: Kniha
Jazyk:English
Vydavateľské údaje: New York Dorset House Pub. 1988
Vydanie:1. ed.
Tagy: Pridať tag
Žiadne tagy, Buďte prvý, kto otaguje tento záznam!

MARC

LEADER 00000nam a2200000 4500
001 c033471
005 20250515095943.8
041 0 |a eng 
044 |a US 
245 1 0 |a Software Productivity  |c Harlan D. Mills 
250 |a 1. ed. 
264 1 |a New York  |b Dorset House Pub.  |c 1988 
300 |a 274 s. 
100 1 |a Mills, Harlan D.